[Event "BCF-chT4 2223 (4NCL)"]
[Site "England"]
[Date "2023.02.04"]
[Round "5.76"]
[White "Wang, Xiling"]
[Black "Graham, Neil"]
[Result "1/2-1/2"]
[WhiteElo "1186"]
[BlackElo "1780"]
[PlyCount "36"]
[EventDate "2022.11.05"]
[EventType "team-swiss"]
[EventRounds "11"]
[EventCountry "ENG"]
[SourceTitle "EXT 2024"]
[Source "ChessBase"]
[SourceDate "2023.10.10"]
[SourceVersion "1"]
[SourceVersionDate "2023.10.10"]
[SourceQuality "1"]
[WhiteTeam "Cambridge University"]
[BlackTeam "Ashfield II"]
[WhiteTeamCountry "ENG"]
[BlackTeamCountry "ENG"]

1. e4 e5 2. Nf3 Nf6 3. Nxe5 d6 4. Nf3 Nxe4 5. Nc3 Nxc3 6. dxc3 Be7 7. Bd3 0-0 8. Be3 Nd7 9. Qd2 Nf6 10. h3 c6 11. 0-0-0 Qa5 12. a3 Bf5 13. Bxf5 Qxf5 14. Rhe1 Rfe8 15. Nd4 Qd5 16. Nb3 Qxd2+ 17. Nxd2 Nd5 18. Nf3 Nxe3 1/2-1/2